Nuevo testamento

محفوظ في:
التفاصيل البيبلوغرافية
المؤلف الرئيسي: Nácar Fuster, Eloíno; Colunga Cueto, Alberto
التنسيق: كتاب
اللغة:Undetermined
منشور في: Madrid, España Biblioteca de Autores Cristianos 1953
الطبعة:7
الموضوعات:
الوسوم: إضافة وسم
لا توجد وسوم, كن أول من يضع وسما على هذه التسجيلة!

MARC

LEADER 00000nam a2200000Ia 4500
008 170316s9999 xx 000 0 und d
090 |a 230 N-2n 
100 |a Nácar Fuster, Eloíno; Colunga Cueto, Alberto 
245 |a Nuevo testamento 
250 |a 7 
260 |a Madrid, España 
260 |b Biblioteca de Autores Cristianos 
260 |c 1953 
300 |a 730 páginas 
650 |a TEOLOGÍA 
650 |a NUEVO TESTAMENTO 
999 |c 18045  |d 18045 
040 |a cru BVZT 
942 |c 15 D  |h 230 N-2n  |2 z